Library Banner

Fehrist makhtotaat (Arabic wa Farsi) = فہرست مخطوطات (عربی و فارسی) مرکز تحقیق دیال سنگھ ٹرسٹ لائبریری / (Record no. 122150)

MARC details
000 -LEADER
fixed length control field 00578nam a22001457a 4500
005 - DATE AND TIME OF LATEST TRANSACTION
control field 20210429124302.0
008 - FIXED-LENGTH DATA ELEMENTS--GENERAL INFORMATION
fixed length control field 210429b ||||| |||| 00| 0 eng d
040 ## - CATALOGING SOURCE
Transcribing agency PK-LaUMT
082 ## - DEWEY DECIMAL CLASSIFICATION NUMBER
Classification number RHC 297.016
Item number MAT-F
100 ## - MAIN ENTRY--PERSONAL NAME
Personal name Matin Hashmi, Muhammad =
245 ## - TITLE STATEMENT
Title Fehrist makhtotaat (Arabic wa Farsi) = فہرست مخطوطات (عربی و فارسی) مرکز تحقیق دیال سنگھ ٹرسٹ لائبریری /
Statement of responsibility, etc by Muhammad Matin Hashmi = از محمد متین ھاشمی
260 ## - PUBLICATION, DISTRIBUTION, ETC. (IMPRINT)
Place of publication, distribution, etc Lahore :
Name of publisher, distributor, etc Diyal Singh Trust Library,
Date of publication, distribution, etc 1975
300 ## - PHYSICAL DESCRIPTION
Extent 242 p.
942 ## - ADDED ENTRY ELEMENTS (KOHA)
Koha item type Books
Holdings
Withdrawn status Lost status Damaged status Home library Current library Date acquired Full call number Barcode Date last seen Copy number Price effective from Koha item type
      UMT Main Campus UMT Main Campus 2021-04-29 RHC 297.016 MAT-F 137190 2021-04-29 Vol.1 2021-04-29 Books